000 00699nam a2200289Ia 4500
005 20260324144932.0
008 008 260324s9999 xx 000 0 eng d
020 _a9780203781890
037 _aEBOOK
040 _aCRL
040 _beng
040 _cCRL
041 _2eng
041 _aeng
084 _qCRL
100 _aDan Isaac Slobin
_91206955
245 4 _aThe Crosslinguistic Study of Language Acquisition
245 0 _bVolume 2: Theoretical Issues
260 _bTaylor and Francis
260 _c1985
365 _a
365 _b180
856 _uhttp://www.taylorfrancis.com/books/9780203781890
942 _cEBOOK
999 _c1828395
_d1828395